Trần Đình Sử tuyển tập T.1 Những công trình thi pháp học / Nguyễn Đăng Điệp giới thiệu và tuyển chọn
Trình bày những nghiên cứu của Giáo sư Trần Đình Sử về thi pháp học: thi pháp Truyện Kiều, thi pháp văn học trung đại Việt Nam, thi pháp thơ Tố Hữu.
Kaydedildi:
| Diğer Yazarlar: | |
|---|---|
| Materyal Türü: | Kitap |
| Dil: | Vietnamese |
| Baskı/Yayın Bilgisi: |
Hà Nội
Giáo dục
2005
|
| Konular: | |
| Etiketler: |
Etiketle
Etiket eklenmemiş, İlk siz ekleyin!
|
| Thư viện lưu trữ: | Mạng thư viện Đại học Đà Nẵng |
|---|
| LEADER | 01433nam a2200337 4500 | ||
|---|---|---|---|
| 001 | 000004196 | ||
| 003 | 327 | ||
| 005 | 20121211001202.0 | ||
| 008 | 110718s2005 viesd | ||
| 020 | |c 122000đ | ||
| 041 | 0 | |a vie | |
| 082 | |a 895.92209 |b TR-S | ||
| 245 | 1 | 0 | |a Trần Đình Sử tuyển tập |c Nguyễn Đăng Điệp giới thiệu và tuyển chọn |n T.1 |p Những công trình thi pháp học / Nguyễn Đăng Điệp giới thiệu và tuyển chọn |
| 260 | |a Hà Nội |b Giáo dục |c 2005 | ||
| 300 | |a 887tr. |b 24cm | ||
| 520 | |a Trình bày những nghiên cứu của Giáo sư Trần Đình Sử về thi pháp học: thi pháp Truyện Kiều, thi pháp văn học trung đại Việt Nam, thi pháp thơ Tố Hữu. | ||
| 653 | |a VHVN | ||
| 653 | |a Lịch sử và phê bình | ||
| 700 | |a Nguyễn Đăng Điệp |e tuyển chọn | ||
| 773 | |t Trần Đình Sử tuyển tập |w 323 | ||
| 910 | |a Huỳnh Thị Cẩm Lai |d 18/07/2011 | ||
| OWN | |a LSP | ||
| AVA | |a UDN50 |b LSP |d 895.92209 TR-S |e available |t Error 5001 Not defined in file expand_doc_bib_avail. |f 8 |g 1 |h N |i 0 |k 1 | ||
| 999 | |a From the UDN01 | ||
| AVA | |a UDN50 |b LSP |d 895.92209 TR-S |e available |t Error 5001 Not defined in file expand_doc_bib_avail. |f 8 |g 1 |h N |i 0 |k 1 | ||
| TYP | |a Monograph | ||
| TYP | |a Printed language | ||
| 980 | |a Mạng thư viện Đại học Đà Nẵng | ||